ნორმალური ფორმატი
MARC ფორმატი
ჩანაწერი Personal Name
ჩანაწერთა რაოდენობა, რომელიც გამოყენებულია: 1
001 - CONTROL NUMBER
- control field: 8708
003 - CONTROL NUMBER IDENTIFIER
- control field: GE_BSU
005 - DATE AND TIME OF LATEST TRANSACTION
- control field: 20200623135738.0
008 - FIXED-LENGTH DATA ELEMENTS
- fixed length control field: 200623|| aca||aabn | a|a d
040 ## - CATALOGING SOURCE
- Original cataloging agency: GE_BSU
- Transcribing agency: GE_BSU
100 ## - HEADING--PERSONAL NAME
- Personal name: Tanenbaum, Andrew S.,
- Dates associated with a name: 1944-
670 ## - SOURCE DATA FOUND
- Source citation: Work cat.: (GE_BSU)0: Tanenbaum, Andrew S., 1944-, Computer networks /, c2003.
